| 000 | 00410nam a2200145Ia 4500 | ||
|---|---|---|---|
| 008 | 230312s9999||||xx |||||||||||||| ||und|| | ||
| 020 | _a9780170394529 | ||
| 082 |
_a657.028 _bPAB-A |
||
| 100 | _aRankin,Dianne.S | ||
| 245 | 4 | _aThe administrative professional : technology & procedures | |
| 260 |
_bCengage _aAustralia _c2016 |
||
| 300 | _a359 | ||
| 650 |
_aComputer _vAccounting Computer programs |
||
| 942 | _cBK | ||
| 999 |
_c18271 _d18271 |
||